=LDR 00000nam 2200000 4500 =001 INLIS000000000006770 =005 20200806011749 =035 ##$$a 0010-061300000006770 =008 200806################g##########0#ind## =041 ##$$a Ind =082 ##$$a 2x5 =090 ##$$a 2x5, Jar b =100 ##$$a Jarror, Ust Husni Adham =245 1#$$a Bercinta dan bersaudara karena Allah /$c Ust Husni Adham Jarror; penerjemah, Abu Fahmi =260 ##$$a Jakarta :$b Gema Insani,$c 1996 =300 ##$$a 124 hlm ; $c 17 x 12 cm =650 #4$$a Akhlak =700 #$$a Fahmi, Abu =850 ##$$a NBPNMAT =020 ##$$a 979-561-015-5 =084 ##$$a 2x5 JAR b =504 ##$$a Bibliografi: halaman 123-124 =990 ##$$a 113.291/pro-97 =990 ##$$a 20700091